| 000 | 00710nam a22002417a 4500 | ||
|---|---|---|---|
| 005 | 20170124110018.0 | ||
| 010 | _aA-682115 | ||
| 020 |
_c00.00 _a0697126595 |
||
| 035 | _aA-682115 | ||
| 037 | _bCen Lib/Ret | ||
| 040 |
_aDPL _bEN |
||
| 082 |
_a613 _bROB |
||
| 100 |
_aRobbins, Gwen _919210 |
||
| 245 |
_aA wellness way of life / _cby Gwen Robbins,Debbie Powers [and] Sharon Burges |
||
| 260 |
_bWm.C.BrownCommunications Inc _c1991 |
||
| 300 |
_axviii,478p. : _c24cm(Hb) _bill. |
||
| 500 | _aIncludes index | ||
| 650 |
_aSelf-care, Health. _919211 |
||
| 650 |
_aHealth. _990156 |
||
| 700 |
_aPowers, Debbie _919213 |
||
| 700 |
_aBurgess, Sharon _919214 |
||
| 942 |
_2ddc _cEN _h613 _mROB |
||
| 999 |
_c127041 _d127041 |
||